[Event "4th Pichay Cup"]
[Site "Manila PHI"]
[Date "2008.09.18"]
[Round "8"]
[White "Laylo,D"]
[Black "Megaranto,S"]
[Result "1/2-1/2"]
[WhiteElo "2504"]
[BlackElo "2532"]

1.d4 d5 2.c4 c6 3.Nc3 dxc4 4.Nf3 Nf6 5.a4 Bf5 6.e3 e6 7.Bxc4 Bb4 8.O-O Nbd7
9.Qe2 Bg6 10.Ne5 O-O 11.Nxg6 hxg6 12.Rd1 Qa5 13.Qc2 Nb6 14.Be2 Nbd7 15.Na2 Bd6
16.g3 Qf5 17.Qb3 Rab8 18.f3 Qh3 19.Bf1 Qh5 20.Bg2 c5 21.Nc3 cxd4 22.exd4 a6
23.Ne4 Bc7 24.Be3 b5 25.Rdc1 bxa4 26.Qxa4 Bb6 27.Nc5 Rfd8 28.Nxa6 Ra8 29.Qb3 e5
30.dxe5 Bxe3+ 31.Qxe3 Nxe5 32.Qe2 Nd3 33.Rd1 Qb5 34.Bf1 Rxa6 35.Rxa6 Qxa6
36.Rxd3 Rxd3 37.Qxd3 Qb6+ 38.Kg2 Qxb2+ 39.Qe2  1/2-1/2

[Event "II ROMGAZ Open"]
[Site "Bucharest ROU"]
[Date "2008.09.19"]
[Round "9"]
[White "Economescu,V"]
[Black "Irodenka,R"]
[Result "1/2-1/2"]
[WhiteElo "2130"]
[BlackElo "2208"]

1.d4 d5 2.c4 c6 3.Nf3 Nf6 4.Nc3 dxc4 5.a4 Bf5 6.e3 e6 7.Bxc4 a5 8.O-O Nbd7
9.Qe2 Ne4 10.Nd2 Ndf6 11.Ndxe4 Nxe4 12.f3 Nf6 13.e4 Bg6 14.Rd1 Qc7 15.Be3 Bb4
16.Rac1 O-O 17.Qf2 Rfe8 18.Bf1 Qd8 19.Na2 Bf8 20.Rd3 Re7 21.Rb3 h6 22.Rc4 Rd7
23.Nc1 Ne8 24.Nd3 f6 25.Nc5 Bxc5 26.Rxc5 Bf7 27.Rbc3 Nc7 28.Qg3 Kh7 29.Rc1 Na6
30.R5c3 Nb4 31.Bc4 Qe7 32.h4 Re8 33.f4 f5 34.e5 Bh5 35.Bf2 Red8 36.Bb3 Re8
37.Rc5 Qd8 38.Qe3 Na6 39.R5c3 Nb4 40.Rc5 Na6 41.R5c3 Nb4 42.Rc5  1/2-1/2

[Event "58th ch-HUN KO"]
[Site "Nyiregyhaza HUN"]
[Date "2008.09.19"]
[Round "3.2"]
[White "Kovacs,Ga2"]
[Black "Balogh,C"]
[Result "1/2-1/2"]
[WhiteElo "2505"]
[BlackElo "2624"]

1.d4 d5 2.c4 c6 3.Nc3 Nf6 4.Nf3 dxc4 5.a4 Bf5 6.Ne5 Nbd7 7.Nxc4 Nb6 8.Ne5 a5
9.e3 e6 10.g4 Bg6 11.h4 Bd6 12.h5 Be4 13.f3 Bxe5 14.dxe5 Qxd1+ 15.Nxd1 Bxf3
16.Rh3 Bxg4 17.Rh4 Bxd1 18.exf6 Bxa4 19.fxg7 Rg8 20.h6 Bc2 21.e4 f6 22.Bd2 Nd7  1/2-1/2

[Event "58th ch-HUN KO"]
[Site "Nyiregyhaza HUN"]
[Date "2008.09.20"]
[Round "3.4"]
[White "Kovacs,Ga2"]
[Black "Balogh,C"]
[Result "1/2-1/2"]
[WhiteElo "2505"]
[BlackElo "2624"]

1.d4 d5 2.c4 c6 3.Nc3 Nf6 4.Nf3 dxc4 5.a4 Bf5 6.Ne5 Nbd7 7.Nxc4 Nb6 8.Ne5 a5
9.g3 e6 10.Bg2 Bb4 11.O-O O-O 12.e3 h6 13.Qe2 Nfd7 14.e4 Nxe5 15.exf5 Nec4
16.fxe6 Qxd4 17.Rd1 Qe5 18.Qxe5 Nxe5 19.Bf4 Nec4 20.Bc7 fxe6 21.Bh3 Rae8
22.Bxb6 Nxb6 23.Re1 e5 24.Re2 Nd5 25.Ne4 Nf6 26.Nc3 Nd5 27.Ne4 Nf6 28.Nc3  1/2-1/2

[Event "EYb18"]
[Site "Herceg Novi MNE"]
[Date "2008.09.22"]
[Round "7"]
[White "Kvisla,J"]
[Black "Blomqvist,E"]
[Result "0-1"]
[WhiteElo "2180"]
[BlackElo "2322"]

1.d4 d5 2.c4 c6 3.Nf3 Nf6 4.Nc3 dxc4 5.a4 Bf5 6.e3 e6 7.a5 Na6 8.Bxc4 Nb4
9.O-O Be7 10.h3 b5 11.Be2 O-O 12.Ne5 Rc8 13.Bf3 Nd7 14.Nxd7 Qxd7 15.e4 Bg6
16.Be3 a6 17.Qb3 Kh8 18.Rfd1 f5 19.d5 cxd5 20.exd5 f4 21.d6 fxe3 22.Qxb4 exf2+
23.Kxf2 Bg5 24.Kg1 Bc2 25.Qg4 Be3+ 26.Kh1 Rc4 27.Be4 Bxd1 28.Rxd1 Rd4 29.Re1 Qxd6
30.Qh5 Bh6 31.Bb1 Qg3 32.Rc1 Rh4 33.Qc5 Rxh3+  0-1

[Event "EYb18"]
[Site "Herceg Novi MNE"]
[Date "2008.09.24"]
[Round "9"]
[White "Kvisla,J"]
[Black "Nemes,S"]
[Result "1/2-1/2"]
[WhiteElo "2180"]
[BlackElo "2273"]

1.d4 d5 2.c4 c6 3.Nf3 Nf6 4.Nc3 dxc4 5.a4 Bf5 6.Ne5 Nbd7 7.Nxc4 Qc7 8.g3 e5
9.dxe5 Nxe5 10.Bf4 Nfd7 11.Bg2 g5 12.Ne3 gxf4 13.Nxf5 fxg3 14.hxg3 O-O-O
15.Qc2 Nc5 16.Kf1 a5 17.Rh5 f6 18.Rd1 Ne6 19.Rxd8+ Qxd8 20.Ne4 Bb4 21.Bh3 Rg8
22.Rh6 Ng5 23.Nxg5  1/2-1/2

[Event "Open"]
[Site "Yuzhny UKR"]
[Date "2008.09.24"]
[Round "7"]
[White "Polishchuk,O"]
[Black "Kurayan,R"]
[Result "1-0"]
[WhiteElo "2228"]
[BlackElo "2155"]

1.d4 d5 2.c4 c6 3.Nc3 Nf6 4.Nf3 dxc4 5.a4 Bf5 6.Ne5 Nbd7 7.Nxc4 Qc7 8.g3 e5
9.dxe5 Nxe5 10.Bf4 Rd8 11.Qc1 Bd6 12.Nxd6+ Qxd6 13.Bg2 Qe6 14.O-O O-O 15.Qe3 Ng6
16.Bg5 Qxe3 17.Bxe3 a6 18.a5 Rfe8 19.Ra4 Nd5 20.Nxd5 cxd5 21.Rb4 Rd7 22.Rd1 Ne7
23.Rbd4 Be6 24.R4d2 Rc7 25.Bb6 Rc4 26.b3 Rb4 27.e4 Rxb3 28.exd5 Bd7 29.Re1 Nc8
30.Be3 Nd6 31.Rc2 Rc8 32.Rxc8+ Nxc8 33.Bf4 b6 34.Bf1 b5 35.Rc1 Kf8 36.h4 f6
37.Kg2 Ke7 38.Rc7 Kd8 39.Rb7 h6 40.h5 Rb4 41.Be2 Rd4 42.Bf3 Ne7 43.Rb8+ Nc8
44.d6 Rd3 45.Bb7 Rc3 46.Bxa6 Bc6+ 47.Kf1 Bf3 48.Ke1 Rc5 49.Bxb5 Rd5 50.Be2 Bxe2
51.Kxe2 Rxa5 52.Rb7 Ra7 53.Rc7 Rxc7 54.dxc7+ Kd7 55.Kd3 Ke6 56.Kd4 Kd7 57.Kc5 Ne7
58.Kb6 Kc8 59.Bd6 Nf5 60.Bf8 Nd4 61.Bxg7 Ne6 62.Bxh6 Nxc7 63.Bg7 f5 64.h6 Ne6
65.h7  1-0

[Event "17th CRO-chT 1a"]
[Site "Sibenik CRO"]
[Date "2008.09.27"]
[Round "1"]
[White "Hulak,K"]
[Black "Rogic,D"]
[Result "1/2-1/2"]
[WhiteElo "2546"]
[BlackElo "2477"]

1.d4 d5 2.c4 c6 3.Nf3 Nf6 4.Nc3 dxc4 5.a4 Bf5 6.e3 e6 7.Bxc4 Bb4 8.O-O Nbd7
9.Nh4 Bg6 10.Nxg6 hxg6 11.h3 Qa5 12.Qe2 e5 13.Qc2 Nb6 14.Bb3 exd4 15.exd4 Nbd5
16.Re1+ Kf8 17.Re5 Rh4 18.Nxd5 cxd5 19.Bg5 Rxd4 20.Rd1 Rxd1+ 21.Qxd1 Rd8
22.Bxf6 gxf6 23.Rxd5 Rxd5 24.Bxd5 Qd8 25.Qb3 Qe7 26.g3 Bc5 27.Kf1 b6 28.h4 Kg7
29.Qc4 a5 30.b3 Qe5 31.Qd3 Qd4  1/2-1/2

[Event "Liga Nacional Ajedrez"]
[Site "Villa Martelli ARG"]
[Date "2008.09.27"]
[Round "8"]
[White "Flores,Di"]
[Black "Goldwaser,C"]
[Result "1-0"]
[WhiteElo "2553"]
[BlackElo "2374"]

1.d4 d5 2.c4 c6 3.Nf3 Nf6 4.Nc3 dxc4 5.a4 Bf5 6.e3 e6 7.Bxc4 Bb4 8.O-O Nbd7
9.Nh4 O-O 10.Nxf5 exf5 11.Qc2 g6 12.f3 Nb6 13.Bb3 Re8 14.Kh1 Nbd5 15.Qd3 Qe7
16.Re1 Rad8 17.Bd2 Bd6 18.Qf1 Bb8 19.e4 Qc7 20.g3 Nxc3 21.bxc3 Nh5 22.exf5 gxf5
23.Qh3 Ng7 24.Bg5 Rxe1+ 25.Rxe1 Re8 26.Rxe8+ Nxe8 27.Qxf5 Ng7 28.Qe4  1-0

[Event "58th TCh m 1st Div"]
[Site "Borovets BUL"]
[Date "2008.10.01"]
[Round "1"]
[White "Lilov,V2"]
[Black "Stoinev,M"]
[Result "1/2-1/2"]
[WhiteElo "2433"]
[BlackElo "2309"]

1.d4 d5 2.c4 c6 3.Nf3 Nf6 4.Nc3 dxc4 5.a4 Bf5 6.e3 e6 7.Bxc4 Bb4 8.O-O Nbd7
9.Qe2 Bg6 10.Bd3 Bxd3 11.Qxd3 O-O 12.Rd1 c5 13.Na2 Ba5 14.dxc5 Nxc5 15.Qc2 Ncd7
16.b4 Bc7 17.Nc3 Rc8 18.Qb3 Bb8 19.Bb2 Qc7 20.Nb5 Qc2 21.Qxc2 Rxc2 22.Bd4 a6
23.Na3 Rcc8 24.Rab1 Rfe8 25.h3 e5 26.Ba1 h6 27.a5 b5 28.axb6 Nxb6 29.Rdc1 Rxc1+
30.Rxc1 Nbd5 31.b5 axb5 32.Nxb5 e4 33.Nfd4 Be5 34.Nf5 Bxa1 35.Rxa1 g6 36.Nxh6+ Kg7
37.Ng4 Nxg4 38.hxg4 Nf6 39.Ra7 Re6 40.g5 Nh7 41.Rd7 Nxg5 42.Nd6 Kf8 43.Kh2 f5
44.Kg3 Re7 45.Rxe7  1/2-1/2

[Event "58th TCh m 1st Div"]
[Site "Borovets BUL"]
[Date "2008.10.02"]
[Round "2"]
[White "Grigorov,G"]
[Black "Vasilev,M"]
[Result "1/2-1/2"]
[WhiteElo "2482"]
[BlackElo "2477"]

1.d4 d5 2.Nf3 Nf6 3.c4 c6 4.Nc3 dxc4 5.a4 Bf5 6.e3 e6 7.Bxc4 Nbd7 8.O-O Be7
9.Qe2 O-O 10.h3 Ne4 11.Bd3 Ndf6 12.Ne5 c5 13.Qc2 Nxc3 14.bxc3 cxd4 15.Bxf5 exf5
16.cxd4 f4 17.exf4 Qxd4 18.Be3 Qe4 19.Qxe4 Nxe4 20.Rfb1 b6 21.a5 Bc5 22.Bxc5 bxc5
23.Rb7 Nd6 24.Rd7 Rfd8 25.Rd1 Rxd7 26.Nxd7 Nc4 27.a6 Rc8 28.Nxc5 Kf8 29.Rd5 Rc7
30.Nb3 Ke7 31.Nd4 Nd6 32.Nb5 Nxb5 33.Rxb5 Kd6 34.g4 Rc6 35.Rb7 Rc7 36.Rb8 Rc6
37.Rg8 g6 38.Rg7 Ke7 39.Rxh7 Rxa6 40.Rh8 Ra1+ 41.Kg2 a5 42.Ra8 a4 43.h4 Kf6
44.Ra6+ Kg7 45.g5 a3 46.Ra7 a2 47.f5 gxf5 48.h5 Kh8 49.g6 fxg6 50.hxg6 Kg8  1/2-1/2

[Event "ch-Commonwealth"]
[Site "Nagpur IND"]
[Date "2008.10.02"]
[Round "6"]
[White "Praveen Kumar,C1"]
[Black "Abhishek,K"]
[Result "1/2-1/2"]
[WhiteElo "2302"]
[BlackElo "2120"]

1.d4 d5 2.c4 c6 3.Nf3 Nf6 4.Nc3 dxc4 5.a4 Bf5 6.e3 e6 7.Bxc4 Bb4 8.O-O Nbd7
9.Qe2 Bg6 10.e4 O-O 11.Bd3 Bh5 12.e5 Nd5 13.Nxd5 cxd5 14.Qe3 Be7 15.Ne1 Bg6
16.f4 Rc8 17.Bd2 Nc5 18.Bxg6 hxg6 19.Nd3 Nxd3 20.Qxd3 Qb6 21.Bc3 Rc4 22.Rf3 Rfc8
23.Qd2 Bb4 24.Rh3 Qa5 25.Rc1 R8c6 26.Qe1 Qd8 27.Rb1 Qe7 28.Qg3 Qd8 29.Rh4 Bxc3
30.Qh3 Bxd4+ 31.Kh1 Qxh4 32.Qxh4 Rc2 33.Qd8+ Kh7 34.Qh4+ Kg8 35.Qd8+  1/2-1/2

[Event "ch-Commonwealth"]
[Site "Nagpur IND"]
[Date "2008.10.03"]
[Round "7"]
[White "Lalith,B"]
[Black "Sundararajan,K"]
[Result "1/2-1/2"]
[WhiteElo "2328"]
[BlackElo "2446"]

1.Nf3 d5 2.d4 Nf6 3.c4 c6 4.Nc3 dxc4 5.a4 Bf5 6.Nh4 e6 7.Nxf5 exf5 8.e3 Bb4
9.Bxc4 O-O 10.O-O Nbd7 11.Qc2 g6 12.f3 Rc8 13.Qf2 c5 14.Ba2 Qb6 15.Kh1 Rfe8
16.Bd2 a6 17.Qh4 Ba5 18.Rab1 Qd6 19.Rfd1 c4 20.Rbc1 Nb6 21.Bb1 Qe6 22.e4 fxe4
23.fxe4 Bxc3 24.Rxc3 Nxe4 25.Re3 Qg4 26.Qxg4 Nf2+ 27.Kg1 Nxg4 28.Rf3 f5 29.h3 Nf6
30.b3 Ne4 31.Ba5 c3 32.Bxb6 c2 33.Bxc2 Rxc2 34.d5 Nd6 35.Re3 Rxe3 36.Bxe3 Kf7
37.Rd4 Ke7 38.Rb4 b5 39.axb5 axb5 40.Rh4 h5 41.g4 fxg4 42.hxg4 hxg4 43.Bg5+ Kd7
44.Rh7+ Kc8 45.Bf4 Ne8 46.d6 Nf6 47.Rg7 Rc6 48.Rxg6 Ne8 49.Re6 Kd7 50.Re7+ Kd8
51.Re6  1/2-1/2

[Event "1st WMSG Blitz Ind"]
[Site "Beijing CHN"]
[Date "2008.10.04"]
[Round "3"]
[White "Banikas,H"]
[Black "Balogh,C"]
[Result "1-0"]
[WhiteElo "2572"]
[BlackElo "2616"]

1.d4 d5 2.c4 c6 3.Nf3 Nf6 4.Nc3 dxc4 5.a4 Bf5 6.Ne5 Nbd7 7.Nxc4 Nb6 8.Ne5 a5
9.Bg5 h6 10.Bh4 Nbd5 11.e3 Nb4 12.Bc4 e6 13.e4 Bh7 14.O-O Be7 15.f3 O-O 16.Bf2 Qc7
17.Qe2 Rfd8 18.Rad1 Bd6 19.f4 Be7 20.f5 c5 21.Nb5 Qb8 22.fxe6 cxd4 23.exf7+ Kf8
24.Bg3 Qc8 25.Rc1 Bc5 26.Kh1 b6 27.Rxf6 gxf6 28.Qh5 Bxe4 29.Qxh6+ Ke7 30.f8=Q+ Rxf8
31.Qg7+ Ke8 32.Nc7+ Kd8 33.Ne6+ Ke8 34.Bb5+ Nc6 35.Nc7+ Kd8 36.Ne6+ Ke8 37.Rxc5 bxc5
38.Qxf8+  1-0

[Event "1st WMSG Blitz Ind"]
[Site "Beijing CHN"]
[Date "2008.10.04"]
[Round "4"]
[White "Banikas,H"]
[Black "Zhou Jianchao"]
[Result "1-0"]
[WhiteElo "2572"]
[BlackElo "2612"]

1.d4 d5 2.c4 c6 3.Nf3 Nf6 4.Nc3 dxc4 5.a4 Bf5 6.Ne5 Nbd7 7.Nxc4 Qc7 8.g3 e5
9.dxe5 Nxe5 10.Bf4 Nfd7 11.Bg2 g5 12.Ne3 gxf4 13.Nxf5 O-O-O 14.O-O fxg3 15.hxg3 Nf6
16.Qb3 Kb8 17.a5 a6 18.Rfd1 Rxd1+ 19.Rxd1 Bc5 20.Qa4 h5 21.b4 Ba7 22.e3 Nfg4
23.Ne4 h4 24.Nxh4 Nc4 25.Nf5 Qe5 26.Qb3 Qxf5 27.Qxc4 Nxe3 28.Qc3 Re8 29.fxe3 Rxe4
30.Bxe4 Qxe4 31.Qh8+  1-0

[Event "1st WMSG Blitz Ind w"]
[Site "Beijing CHN"]
[Date "2008.10.04"]
[Round "9"]
[White "Zenyuk,I"]
[Black "Le Kieu Thien Kim"]
[Result "0-1"]
[WhiteElo "2237"]
[BlackElo "2291"]

1.d4 d5 2.Nf3 Nf6 3.c4 c6 4.Nc3 dxc4 5.a4 Bf5 6.e3 e6 7.Bxc4 Bb4 8.O-O O-O
9.Qe2 Bg6 10.Ne5 Nbd7 11.Nxg6 hxg6 12.f4 c5 13.Na2 Rc8 14.Nxb4 cxb4 15.a5 Nb8
16.b3 a6 17.Bd2 Nc6 18.Rfc1 Ne4 19.Be1 Nc3 20.Bxc3 bxc3 21.Rxc3 Nxa5 22.Rac1 b5
23.Bd3 Rxc3 24.Rxc3 b4 25.Rc2 Nxb3 26.Bxa6 Qb6 27.Rb2 Ra8 28.Rxb3 Rxa6 29.Qb2 Ra4
30.Qd2 Qa5 31.h3 Qb5 32.Kh2 Qc4 33.Qb2 Kh7 34.e4 Kg8 35.Kg1 Ra1+ 36.Qxa1 Qxb3
37.Qa8+ Kh7 38.d5 exd5 39.exd5 Qe3+ 40.Kh1 b3 41.d6 b2 42.d7 b1=Q+ 43.Kh2 Qxf4+  0-1

[Event "TCh-BEL 2008-9"]
[Site "Belgium BEL"]
[Date "2008.10.05"]
[Round "1"]
[White "Vandamme,F"]
[Black "Hamelink,D"]
[Result "0-1"]
[WhiteElo "1943"]
[BlackElo "2199"]

1.d4 d5 2.c4 c6 3.Nf3 Nf6 4.Nc3 dxc4 5.a4 Bf5 6.e3 e6 7.Bxc4 Bb4 8.O-O Nbd7
9.Qe2 Bg4 10.h3 Bh5 11.e4 O-O 12.Rd1 Qa5 13.e5 Nd5 14.Ne4 c5 15.g4 Bg6 16.Nxc5 Nxc5
17.dxc5 Qxc5 18.Bxd5 exd5 19.Be3 Qa5 20.Nd4 Rfd8 21.f4 Be4 22.f5 Rac8 23.e6 fxe6
24.fxe6 Qc7 25.Bf2 Qe5 26.Rac1 Bd6 27.Rxc8 Qh2+  0-1

[Event "1st WMSG Blitz Pair"]
[Site "Beijing CHN"]
[Date "2008.10.08"]
[Round "4"]
[White "Vovk,Ok"]
[Black "Greeff,M"]
[Result "0-1"]
[WhiteElo "2142"]
[BlackElo "1963"]

1.d4 d5 2.c4 c6 3.Nf3 Nf6 4.Nc3 dxc4 5.a4 Bf5 6.Ne5 Nbd7 7.Nxc4 Qc7 8.f3 e5
9.e4 exd4 10.Qxd4 Bc5 11.Qd1 Be6 12.Bd3 a6 13.Qe2 O-O 14.Be3 b5 15.axb5 cxb5
16.Nd2 Bxe3 17.Qxe3 Nc5 18.Be2 Rad8 19.O-O Rxd2 20.Qxd2 Nb3 21.Qe3 Nxa1 22.Rxa1 Qb7
23.f4 Bd7 24.Bf3 Bc6 25.e5 Nd7 26.Ne4 Nb6 27.Nc5 Qc8 28.Bxc6 Qxc6 29.Rxa6 Rd8
30.Ra1 Nc4 31.Qf2 Rd2 32.Qf1 g6 33.Ra6 Qxc5+  0-1

[Event "Chigorin Memorial"]
[Site "St Petersburg RUS"]
[Date "2008.10.08"]
[Round "6"]
[White "Brodsky,M"]
[Black "Slugin,S"]
[Result "1/2-1/2"]
[WhiteElo "2550"]
[BlackElo "2431"]

1.d4 d5 2.c4 c6 3.Nc3 Nf6 4.Nf3 dxc4 5.a4 Bf5 6.e3 e6 7.Bxc4 Bb4 8.O-O O-O
9.Nh4 Bg6 10.Nxg6 hxg6 11.Qe2 Nbd7 12.Rd1 Qa5 13.Na2 Be7 14.Bd2 Qc7 15.a5 b6
16.Nb4 c5 17.Nc2 Ne4 18.Be1 Nd6 19.dxc5 Nxc4 20.Qxc4 bxc5 21.Bc3 Nf6 22.Nb4 Rac8
23.Nd3 Nd5 24.Be5 Qb7 25.a6 Qb6 26.Bc3 Rb8 27.Ba5 Qb5 28.Rdc1 Rfc8 29.e4 Nf6
30.f3 Qxc4 31.Rxc4 Nd7 32.b4 cxb4 33.Rxc8+  1/2-1/2

[Event "Chigorin Memorial"]
[Site "St Petersburg RUS"]
[Date "2008.10.09"]
[Round "7"]
[White "Kirusha,A"]
[Black "Massironi,M"]
[Result "1-0"]
[WhiteElo "2373"]
[BlackElo "2169"]

1.Nf3 d5 2.d4 Nf6 3.c4 c6 4.Nc3 dxc4 5.a4 Bf5 6.Ne5 Nbd7 7.Nxc4 Qc7 8.g3 e5
9.dxe5 Nxe5 10.Bf4 Nfd7 11.Bg2 f6 12.O-O O-O-O 13.Qc1 g5 14.Ne3 Be6 15.Bxe5 Nxe5
16.Ne4 Be7 17.Nc5 Bc4 18.Nxb7 Bxe2 19.Nxd8 Bxf1 20.Nxc6 Nxc6 21.Bxc6 Bd3
22.Nd5  1-0

[Event "Belgrade Premier League"]
[Site "Belgrade SRB"]
[Date "2008.10.10"]
[Round "6"]
[White "Lapcevic,M"]
[Black "Tadic,Br"]
[Result "0-1"]
[WhiteElo "2355"]
[BlackElo "2483"]

1.d4 d5 2.c4 c6 3.Nf3 Nf6 4.Nc3 dxc4 5.a4 Bf5 6.Ne5 Na6 7.f3 Nd7 8.Nxc4 e5
9.Ne3 Bg6 10.dxe5 Nb4 11.h4 h5 12.f4 Nc5 13.Ra3 Qc7 14.Bd2 Rd8 15.g3 Rd4
16.Qc1 Be7 17.Ncd1 Ne4 18.Bc3 Qa5 19.Rg1 Nxg3 20.Rxg3 Bxh4 21.Kf2 Rxf4+ 22.Kg2 Be4+
23.Kh3 Bxg3 24.Qd2 Bd5 25.Kxg3 Qd8 26.Kxf4 Qh4+ 27.Ng4 Qxg4+ 28.Ke3 Qg1+
29.Kf4 g5+ 30.Kf5 Qg4+ 31.Kf6 Qe6+ 32.Kxg5 Qg4+  0-1

[Event "1st WMSG Blitz Team"]
[Site "Beijing CHN"]
[Date "2008.10.13"]
[Round "2"]
[White "Mrva,Mart"]
[Black "Dao Thien Hai"]
[Result "0-1"]
[WhiteElo "2467"]
[BlackElo "2510"]

1.Nf3 d5 2.d4 Nf6 3.c4 c6 4.Nc3 dxc4 5.a4 Bf5 6.e3 e6 7.Bxc4 Bb4 8.O-O O-O
9.Ne5 Nbd7 10.Nd3 Be7 11.Re1 Bg6 12.Bb3 c5 13.Nf4 cxd4 14.exd4 Nb6 15.d5 Nbxd5
16.Nfxd5 exd5 17.Nxd5 Nxd5 18.Qxd5 Bf6 19.Qf3 Qa5 20.Re2 Bh5 21.g4 Bg6 22.Be3 Qb4
23.Bd2 Qc5 24.Rae1 Bxb2 25.Be3 Bd4 26.Rc1 Qb6 27.a5 Qxb3 28.Rc7 Qb1+ 29.Rc1 Qb4
30.h4 Bxe3 31.Rxe3 Rae8 32.Rce1 Qxe1+ 33.Rxe1 Rxe1+ 34.Kh2 Be4 35.Qc3 Rh1+
36.Kg3 a6 37.h5 h6 38.Qe3 Bc6 39.Qe2 Re8 40.Qd2 Rg1+ 41.Kh3 Rge1 42.Kg3 R1e5
43.f3 Re3 44.Qc2 Rxf3+ 45.Kh4 Ree3 46.g5 Rf4+  0-1

[Event "1st WMSG Blitz Team"]
[Site "Beijing CHN"]
[Date "2008.10.13"]
[Round "3"]
[White "Ruck,R1"]
[Black "Dao Thien Hai"]
[Result "0-1"]
[WhiteElo "2574"]
[BlackElo "2510"]

1.Nf3 d5 2.d4 Nf6 3.c4 c6 4.Nc3 dxc4 5.a4 Bf5 6.Ne5 e6 7.f3 Bb4 8.e4 Nxe4
9.Bd2 Qxd4 10.Nxe4 Qxe4+ 11.Qe2 Bxd2+ 12.Kxd2 Qd5+  0-1

[Event "1st WMSG Blitz Team"]
[Site "Beijing CHN"]
[Date "2008.10.13"]
[Round "3"]
[White "Nguyen Ngoc Truong Son"]
[Black "Balogh,C"]
[Result "1-0"]
[WhiteElo "2567"]
[BlackElo "2616"]

1.Nf3 Nf6 2.d4 d5 3.c4 c6 4.Nc3 dxc4 5.a4 Bf5 6.e3 e6 7.Bxc4 Bb4 8.O-O O-O
9.Qb3 Qb6 10.Nh4 Bg4 11.h3 Bh5 12.g4 Bg6 13.Nxg6 hxg6 14.Na2 Be7 15.Qxb6 axb6
16.Bb3 Nbd7 17.Bd2 Ne4 18.Be1 c5 19.Nc3 Ndf6 20.f3 Nd6 21.Rd1 cxd4 22.Rxd4 Rfd8
23.Bg3 Nde8 24.Rfd1 Rdc8 25.Kg2 Bc5 26.R4d3 Bb4 27.h4 Bxc3 28.bxc3 Nd5 29.Bxd5 exd5
30.Rb1 Rxa4 31.Rxb6 Ra2+ 32.Kh3 Rc2 33.Be5 Nf6 34.Rxb7 Re8 35.Bd4 Ra8 36.Kg3 Rc1
37.Rd2 Rg1+ 38.Rg2 Re1 39.Kf4 Ne8 40.Rgb2 Nd6 41.Rb8+ Rxb8 42.Rxb8+ Kh7 43.Rd8 Nc4
44.Rxd5 Rf1 45.Kg3 Nd2 46.Bc5 Nxf3 47.Kg2  1-0

[Event "1st WMSG Blitz Team w"]
[Site "Beijing CHN"]
[Date "2008.10.13"]
[Round "4"]
[White "Harika,D"]
[Black "Hoang Thi Bao Tram"]
[Result "1-0"]
[WhiteElo "2461"]
[BlackElo "2250"]

1.Nf3 Nf6 2.c4 c6 3.Nc3 d5 4.d4 dxc4 5.a4 Bf5 6.e3 e6 7.Bxc4 Bb4 8.Ne5 Nbd7
9.Nxd7 Qxd7 10.O-O O-O 11.Qb3 Bd6 12.f3 Bg6 13.e4 e5 14.d5 Bc5+ 15.Kh1 Nh5
16.Ne2 Qe7 17.Be3 Bxe3 18.Qxe3 Kh8 19.Rad1 Qb4 20.Qc3 Qxc3 21.Nxc3 Nf6 22.dxc6 bxc6
23.Rd6 Rac8 24.Rfd1 h6 25.Kg1 Kh7 26.Kf2 Rc7 27.b3 Rb8 28.Ke3 Ng8 29.g4 Ne7
30.h4 f6 31.h5 Be8 32.R6d2 a5 33.Kf2 Rcb7 34.Rd8 g6 35.Rxb8 Rxb8 36.hxg6+ Nxg6
37.Rd6 Kg7 38.Ne2 Ne7 39.Ng3 Bf7 40.Rd7 Bxc4 41.bxc4 Rb2+ 42.Ke3 Rb3+ 43.Ke2 Kf8
44.Rd6 Kf7 45.Nf5 Ng6 46.Nxh6+ Ke7 47.Nf5+ Kf7 48.Rxc6 Nf4+ 49.Kd2 Rxf3 50.Nd6+ Ke7
51.Nf5+ Kf7 52.Nd6+ Ke7 53.Nf5+ Kf7 54.Rc7+ Kf8 55.c5 Ra3 56.Rc8+ Kf7 57.c6 Ra2+
58.Kc3 Ra1 59.c7 Rc1+ 60.Kb2 Rc6 61.Nd6+ Rxd6 62.Rf8+ Kxf8 63.c8=Q+ Kf7 64.Qc7+ Ke6
65.Qxa5 Ne2 66.Qa8 Kd7 67.Qb7+ Ke6 68.Qc8+ Ke7 69.Qc7+ Rd7 70.Qc5+ Ke8 71.a5 Rd2+
72.Ka3 Nd4 73.a6 Rd1 74.a7 Ra1+ 75.Kb2 Ra6 76.Qc8+ Ke7 77.Qxa6  1-0

[Event "1st WMSG Blitz Team w"]
[Site "Beijing CHN"]
[Date "2008.10.13"]
[Round "6"]
[White "Tsai,C"]
[Black "Horn,E"]
[Result "1/2-1/2"]
[WhiteElo "2152"]
[BlackElo "2041"]

1.d4 d5 2.c4 c6 3.Nf3 Nf6 4.Nc3 dxc4 5.a4 Bf5 6.e3 e6 7.Bxc4 Bb4 8.O-O O-O
9.Re1 Bg6 10.Ne5 Nbd7 11.Nxg6 hxg6 12.e4 e5 13.d5 Nb6 14.Qb3 cxd5 15.exd5 Bxc3
16.bxc3 Nxc4 17.Qxc4 Rc8 18.Qb5 Qxd5 19.Qxd5 Nxd5 20.Rxe5 Nxc3 21.Be3 b6
22.Re7 Ra8 23.a5 Nd5 24.Rd7 Nxe3 25.fxe3 bxa5 26.Rxa5 a6 27.Rd6 Rfe8 28.Rdxa6 Rxa6
29.Rxa6 Rxe3 30.Kf2 Rb3 31.Ra7 g5 32.g3 g6 33.Kg2 Kg7 34.Kh3 Rb6 35.Kg4 Kf6
36.h3 Rb4+ 37.Kf3 Rb3+ 38.Kg4 Rb4+ 39.Kf3 Rb6 40.Ke4 Ke6 41.Kf3 f5 42.Rg7 Kf6
43.Ra7 Rb3+ 44.Kf2 Rb6 45.Kf3 Ke6 46.Ra3 Rc6 47.Rb3 Rd6 48.Ra3 Ke5 49.Re3+ Kd4
50.Re8 Rc6 51.Rd8+ Kc4 52.Rg8 Re6 53.Rc8+ Kd5 54.Rd8+ Ke5 55.Ra8 Rb6 56.Re8+ Kf6
57.Re3  1/2-1/2

[Event "1st WMSG Blitz Team"]
[Site "Beijing CHN"]
[Date "2008.10.13"]
[Round "8"]
[White "Fesalbon,R"]
[Black "Irie,Y"]
[Result "0-1"]
[WhiteElo "2061"]
[BlackElo "2021"]

1.Nf3 Nf6 2.d4 d5 3.c4 c6 4.Nc3 dxc4 5.a4 Bf5 6.e3 e6 7.Bxc4 Bb4 8.Bd2 O-O
9.O-O Nbd7 10.Nh4 Bg6 11.Nxg6 hxg6 12.Bd3 e5 13.f3 exd4 14.exd4 Bd6 15.Ne4 Bc7
16.Be1 Nb6 17.Bf2 Nbd5 18.Bc4 Re8 19.Re1 Nh5 20.Nc3 Qd6 21.g3 Nb6 22.Bf1 Qb4
23.Rb1 Nf6 24.Kg2 Rad8 25.Na2 Rxe1 26.Nxb4 Rxd1 27.Rxd1 c5 28.dxc5 Rxd1 29.cxb6 Bxb6
30.Bxb6 axb6 31.Nd3 Rd2+ 32.Kh3 Nd5 33.b3 Ne3  0-1

[Event "1st WMSG Blitz Team w"]
[Site "Beijing CHN"]
[Date "2008.10.13"]
[Round "11"]
[White "Tsai,C"]
[Black "Ruan Lufei"]
[Result "0-1"]
[WhiteElo "2152"]
[BlackElo "2496"]

1.d4 d5 2.c4 c6 3.Nf3 Nf6 4.Nc3 dxc4 5.a4 Bf5 6.e3 e6 7.Bxc4 Bb4 8.O-O Nbd7
9.Re1 O-O 10.Re2 Bg6 11.Na2 Bd6 12.b4 Qc7 13.h3 Bh5 14.Rc2 e5 15.Be2 Bg6
16.Rd2 Rad8 17.Bb2 Ne4 18.Rc2 Qb8 19.Rcc1 Rfe8 20.Nc3 Bxb4 21.Nxe4 Bxe4 22.Qb3 a5
23.Ng5 Bg6 24.Bc4 Rf8 25.d5 cxd5 26.Bxd5 h6 27.Ne4 Nb6 28.Nc3 Bxc3 29.Qxb6 Bxb2
30.Qxb2 Rxd5 31.Rd1 Rfd8 32.Rxd5 Rxd5 33.Rc1 b5 34.axb5 Rxb5 35.Qc3 Rb1 36.Rxb1 Qxb1+
37.Kh2 Qb5 38.Qc8+ Kh7 39.Qa8 a4 40.f4 exf4 41.exf4 Qb3 42.g4 Qc2+ 43.Kg3 Be4
44.Qe8 Qd3+ 45.Kf2 a3 46.Qxf7 Qc2+ 47.Ke3 a2 48.f5 Qd3+ 49.Kf4 Qf3+ 50.Ke5 a1=Q+
51.Kd6 Qd3+ 52.Kc7 Qa7+  0-1

[Event "1st WMSG Blitz Team"]
[Site "Beijing CHN"]
[Date "2008.10.13"]
[Round "11"]
[White "Irie,Y"]
[Black "Goldenberg,I"]
[Result "0-1"]
[WhiteElo "2021"]
[BlackElo "2393"]

1.d4 d5 2.c4 c6 3.Nf3 Nf6 4.Nc3 dxc4 5.a4 Bf5 6.e3 e6 7.Bxc4 Bb4 8.O-O Nbd7
9.Qe2 Bg6 10.Rd1 O-O 11.Bd3 Bxd3 12.Rxd3 Qe7 13.e4 e5 14.Na2 Ba5 15.Bg5 h6
16.Bh4 Rfe8 17.d5 Nc5 18.Re3 Bc7 19.Nc3 g5 20.Bg3 Ng4 21.b4 Nb3 22.Rb1 Nxe3
23.Rxb3 Ng4 24.Nd2 Nf6 25.dxc6 bxc6 26.Nc4 Rab8 27.b5 cxb5 28.axb5 Qe6 29.h4 Rec8
30.hxg5 hxg5 31.Ne3 Bb6 32.Ncd5 Nxd5 33.Nxd5 Rc1+ 34.Kh2 Qh6+  0-1

[Event "South Bohemia Open"]
[Site "Cesky Krumlov CZE"]
[Date "2008.10.13"]
[Round "4"]
[White "Cuhra,M"]
[Black "Fagerstrom,B"]
[Result "0-1"]
[WhiteElo "2168"]
[BlackElo "2132"]

1.d4 d5 2.c4 c6 3.Nf3 Nf6 4.Nc3 dxc4 5.a4 Bf5 6.e3 e6 7.Bxc4 Bb4 8.O-O O-O
9.Nh4 Bg4 10.f3 Bh5 11.g4 Nd5 12.Ng2 Bg6 13.Bd2 Qa5 14.Rc1 Nd7 15.e4 N5b6
16.Bb3 c5 17.Be3 cxd4 18.Bxd4 Rfd8 19.Qe2 Nc5 20.Bxc5 Bxc5+ 21.Kh1 Qb4 22.Qb5 Rd2
23.Rc2 Rxc2 24.Bxc2 f6 25.Bb3 Bf7 26.Rd1 e5 27.Bxf7+ Kxf7 28.a5 Nc4 29.Qd7+ Kg8
30.Nh4 Ne3 31.Nd5 Nxd5 32.Qxd5+ Kh8 33.Nf5 Bf8 34.Qf7 Rc8 35.h4 Qc5 36.g5 Qf2
37.Rg1 Qxf3+ 38.Rg2 Rc1+ 39.Kh2 Qf4+ 40.Kh3 Rh1+  0-1

[Event "1st WMSG Rapid Team"]
[Site "Beijing CHN"]
[Date "2008.10.14"]
[Round "1"]
[White "Erdos,V"]
[Black "Goldenberg,I"]
[Result "1/2-1/2"]
[WhiteElo "2577"]
[BlackElo "2393"]

1.d4 d5 2.c4 c6 3.Nf3 Nf6 4.Nc3 dxc4 5.a4 Bf5 6.e3 e6 7.Bxc4 Bb4 8.O-O Nbd7
9.Qe2 Bg6 10.e4 O-O 11.Bd3 Bh5 12.e5 Nd5 13.Nxd5 cxd5 14.Qe3 Bg6 15.Bxg6 fxg6
16.Ng5 Re8 17.f4 Nf8 18.Qd3 Qb6 19.Be3 Rac8 20.Rfc1 Be7 21.Qb5 Red8 22.Nf3 Bb4
23.Kf2 Rc6 24.Ke2 Rdc8 25.Qxb6 axb6 26.Kd3 Kf7 27.Ng5+ Ke7 28.g4 Ra8 29.Rf1 h6
30.Nf3 Rac8 31.Rf2 Kd7 32.h4 Ra8 33.h5 b5 34.hxg6 bxa4 35.f5 a3 36.Ra2 b5
37.Bxh6 exf5 38.gxf5 gxh6 39.g7 Nh7 40.Rg2 Rg8 41.Ke3 Ng5 42.f6 axb2 43.Rgxb2 Rc3+
44.Ke2 Rxf3 45.Rxb4 Rf4 46.Ra7+ Kc6 47.Ra6+ Kc7 48.Rd6 Ne4 49.Ke3 Rf1 50.Rxd5 Nxf6
51.exf6 Rxf6 52.Rbxb5 Rxg7 53.Rdc5+ Rc6 54.Rxc6+ Kxc6 55.Rh5 Rg6 56.Kd3 Kd6
57.Kc4 Kd7 58.Ra5 Kd8 59.Ra7 Rf6 60.Kc5 Rg6 61.Rh7 Rf6 62.Kc4  1/2-1/2

[Event "1st WMSG Rapid Team"]
[Site "Beijing CHN"]
[Date "2008.10.15"]
[Round "3"]
[White "Dao Thien Hai"]
[Black "Moradiabadi,E"]
[Result "0-1"]
[WhiteElo "2510"]
[BlackElo "2499"]

1.d4 d5 2.c4 c6 3.Nf3 Nf6 4.Nc3 dxc4 5.a4 Bf5 6.Ne5 Nbd7 7.Nxc4 Nb6 8.Ne5 a5
9.f3 Nfd7 10.Nxd7 Nxd7 11.e4 Bg6 12.Be3 Qb6 13.Qd2 e5 14.Rd1 O-O-O 15.dxe5 Bc5
16.Bxc5 Nxc5 17.Qc2 Rxd1+ 18.Nxd1 Rd8 19.Bc4 Rd4 20.b3 Qb4+ 21.Ke2 Nxe4 22.Qc1 Nd2
23.Qb2 Rd8 24.Qc3 Nxc4 25.Qxb4 axb4 26.bxc4 Bd3+ 27.Ke3 Bxc4 28.Nb2 Be6 29.Nd3 b3
30.Nc5 Rd5 31.Nxe6 Rxe5+ 32.Kd3 fxe6 33.Kd4 Rf5  0-1